Complétez l'expression française avec une image - Couleurs - Statistiques

Statistiques générales
  • Ce quiz a été pris 190 fois
  • Le résultat moyen est 8 sur 9
Statistiques - réponses
Hint Réponse % Correct

Expression

Voir la vie en ____

images?q=tbn:ANd9GcS7xirUoAWmlABLdJKPK0HIT3y1nLNRoC4YFQ&s
98%

Expression

Être ____ comme un linge

images?q=tbn:ANd9GcS7xirUoAWmlABLdJKPK0HIT3y1nLNRoC4YFQ&s
97%

Expression

Rire ____

images?q=tbn:ANd9GcS7xirUoAWmlABLdJKPK0HIT3y1nLNRoC4YFQ&s
94%

Expression

Avoir la main ____

images?q=tbn:ANd9GcS7xirUoAWmlABLdJKPK0HIT3y1nLNRoC4YFQ&s
94%

Expression

Broyer du ____

images?q=tbn:ANd9GcS7xirUoAWmlABLdJKPK0HIT3y1nLNRoC4YFQ&s
92%

Expression

Être fleur ____

images?q=tbn:ANd9GcS7xirUoAWmlABLdJKPK0HIT3y1nLNRoC4YFQ&s
86%

Expression

Faire ____ mine

images?q=tbn:ANd9GcS7xirUoAWmlABLdJKPK0HIT3y1nLNRoC4YFQ&s
84%

Expression

Être dans le ____

images?q=tbn:ANd9GcS7xirUoAWmlABLdJKPK0HIT3y1nLNRoC4YFQ&s
71%

Expression

Être ____

images?q=tbn:ANd9GcS7xirUoAWmlABLdJKPK0HIT3y1nLNRoC4YFQ&s
47%
Aucun quiz correspondant
Distribution des résultats
% des personnes avec chaque résultat
Percentile par nombre de réponses
Votre historique - résultats
Vous n’avez pas pris ce quiz